| 000 | 01015nam a2200301Ia 4500 | ||
|---|---|---|---|
| 001 | Para_9270 | ||
| 003 | CHAP | ||
| 008 | 220125s2002 xx 000 0 und d | ||
| 010 | _a208008 | ||
| 040 | _cCHAP | ||
| 082 | _a595.79 T7 | ||
| 100 |
_aTrjapitzin, Vladimir A. _9174437 |
||
| 245 |
_aA review of encyrtids (HYMENOPTERA : _b CHALCIDOIDEA : _b ENCIYRTIDAE) of the world fauna with reduced number of funicle segments of antennae / _c by Vladimir A. Trjapitzin and Enrique Ruíz Cancino |
||
| 260 |
_aCd. Victoria, Tamaulipas, México : _b Universidad Autónoma de Tamaulipas |
||
| 300 | _a172 p. | ||
| 440 |
_aSerie Publicaciones Científicas;3 _9174443 |
||
| 650 |
_aChalcidoidea _921747 |
||
| 650 |
_aEncyrtidae _9174439 |
||
| 650 |
_aHimenópteros _955474 |
||
| 650 |
_aInsectos _x identificación _958929 |
||
| 901 | _a595.79 T7 | ||
| 902 | _aI | ||
| 905 | _a0000002002 a 0000000000 00 | ||
| 910 | _a2002 | ||
| 942 | _cPARA | ||
| 942 |
_cPARA _d1 |
||
| 999 |
_c208008 _d208008 |
||